Balance preliminar de las economías de América Latina y el Caribe : (Registro nro. 10118)

Detalles MARC
000 -LEADER
fixed length control field 00903nam a22002777a 4500
003 - CONTROL NUMBER IDENTIFIER
control field AR-FvUNAJ
005 - DATE AND TIME OF LATEST TRANSACTION
control field 20231124100208.0
008 - FIXED-LENGTH DATA ELEMENTS--GENERAL INFORMATION
fixed length control field 231003b ||||| |||| 00| 0 spa d
015 ## - NATIONAL BIBLIOGRAPHY NUMBER
Source AR-FvUNAJ
020 ## - INTERNATIONAL STANDARD BOOK NUMBER
International Standard Book Number 978-92-1-058573-6
040 ## - CATALOGING SOURCE
Transcribing agency AR-FvUNAJ
082 14 - DEWEY DECIMAL CLASSIFICATION NUMBER
Edition number 14
Classification number 330.98
110 2# - MAIN ENTRY--CORPORATE NAME
9 (RLIN) 3350
Corporate name or jurisdiction name as entry element Comisión Económica para América Latina y el Caribe
245 10 - TITLE STATEMENT
Title Balance preliminar de las economías de América Latina y el Caribe :
Remainder of title 2016 /
Statement of responsibility, etc CEPAL
260 ## - PUBLICATION, DISTRIBUTION, ETC. (IMPRINT)
Place of publication, distribution, etc Santiago de Chile :
Name of publisher, distributor, etc Naciones Unidas,
Date of publication, distribution, etc 2016.
300 ## - PHYSICAL DESCRIPTION
Extent 126 p.
650 17 - SUBJECT ADDED ENTRY--TOPICAL TERM
Source of heading or term unescot
9 (RLIN) 524
Topical term or geographic name as entry element ECONOMIA
650 27 - SUBJECT ADDED ENTRY--TOPICAL TERM
Source of heading or term unescot
9 (RLIN) 5292
Topical term or geographic name as entry element POLÍTICA MONETARIA
650 27 - SUBJECT ADDED ENTRY--TOPICAL TERM
Source of heading or term unescot
9 (RLIN) 2773
Topical term or geographic name as entry element POLITICA FISCAL
650 27 - SUBJECT ADDED ENTRY--TOPICAL TERM
Source of heading or term unescot
9 (RLIN) 669
Topical term or geographic name as entry element EMPLEO
650 27 - SUBJECT ADDED ENTRY--TOPICAL TERM
Source of heading or term unescot
9 (RLIN) 423
Topical term or geographic name as entry element SALARIO
651 17 - SUBJECT ADDED ENTRY--GEOGRAPHIC NAME
Source of heading or term unescot
9 (RLIN) 735
Geographic name AMERICA LATINA
651 17 - SUBJECT ADDED ENTRY--GEOGRAPHIC NAME
Source of heading or term unescot
9 (RLIN) 1480
Geographic name CARIBE
942 ## - ADDED ENTRY ELEMENTS (KOHA)
Source of classification or shelving scheme Dewey Decimal Classification
Koha item type Libro, folleto, traducción
980 ## - EQUIVALENCE OR CROSS-REFERENCE-SERIES STATEMENT--PERSONAL NAME/TITLE [LOCAL, CANADA]
Linkage 21568
Personal name Nuñez
Field link and sequence number 21568
Miscellaneous information Nuñez
Existencias
Withdrawn status Lost status Source of classification or shelving scheme Damaged status Not for loan Home library Current library Date acquired Source of acquisition Full call number Barcode Date last seen Price effective from Koha item type
    Dewey Decimal Classification   Consultar Disponibilidad Biblioteca Central DEPOSITO 24/11/2023 Donación 330.98 COMb UNAJ23110166 24/11/2023 24/11/2023 Libro, folleto, traducción

Lunes a Viernes 8:30 a 19:00 hs.Cerrado por mudanza
Av.Calchaqui 6200 Florencio Varela (CP188) 2°piso Edificio Mosconi Aula 209-210
Mail: bibliotecacentralunaj@gmail.com  
Whatsapp(54 9)1122668024    ❔Pregunte a la bibliotecaria
© Universidad Nacional Arturo Jauretche | Secretaría Académica | Biblioteca Central UNAJ